| 000 | 00597nam a22002057a 4500 | ||
|---|---|---|---|
| 003 | OSt | ||
| 005 | 20240814102201.0 | ||
| 008 | 231208b |||||||| |||| 00| 0 eng d | ||
| 020 | _a9789332584921 | ||
| 040 | _cChuka University Library | ||
| 050 |
_aHG 8051 _b.R45 2017 |
||
| 100 |
_aRejda, George E and Michael J. McNamara _913212 |
||
| 245 | _aPrinciples of risk management and insurance | ||
| 250 | _a13th ed. | ||
| 260 |
_aUttar Pradesh _bPearson _c2017 |
||
| 300 |
_a720p. _bIllustrated |
||
| 650 |
_aRisk management _99417 |
||
| 650 |
_a2. Risk ( insurance) _917479 |
||
| 942 |
_2lcc _cBK _n0 |
||
| 999 |
_c15724 _d15724 |
||